00428nam a2200181Ia 4500008004100000020001800041050001400059100002200073245001100095245001200106245002200118260002400140260002300164260000900187300001500196300002500211300001000236180207s9999 xx 000 0 und d a9780431127163 bS756 2002 aSpilsbury, Louise aFood : bhoney / cLouise Spilsbury. aChicago, Illinois : bHeinemann Library, c2002 a32 pages : bcolor illustration ; c22cm.